| 000 | 00985cam a2200289 a 4500 | ||
|---|---|---|---|
| 008 | 040602s2004 sp b 000 0 spa | ||
| 010 | _a 2005372642 | ||
| 020 | _a3865271200 (Vervuert) | ||
| 020 | _a8484891348 (Iberoamericana) | ||
| 040 |
_aDLC _cDLC |
||
| 043 | _acl----- | ||
| 092 | 0 | 4 |
_a860.8098 _bM8296 _221 |
| 099 |
_a04 _a860.8098 M8296 |
||
| 100 | 1 | _aMorana, Mabel. | |
| 245 | 1 | 0 |
_aCritica impura : _bestudios de literatura y cultura latinoamericanos / _cMabel Moraنna. |
| 260 |
_aMadrid : _bIberoamericana ; _aFrankfurt am Maim : _bVervuert, _c2004. |
||
| 300 |
_a326 p. ; _c23 cm. |
||
| 504 | _aIncludes bibliographical references (p. [305]-324). | ||
| 650 | 0 | _aCanon (Literature) | |
| 650 | 0 | _aNational characteristics, Latin American. | |
| 650 | 0 |
_aSpanish American literature _xHistory and criticism. |
|
| 902 | _a2 | ||
| 905 |
_aJamal _eRev. |
||
| 905 |
_aJihan _eCat. |
||
| 942 |
_2ddc _cBK |
||
| 999 |
_c132220 _d132220 |
||